• 首页
  • 本馆介绍
  • 公告通知
  • 最新文献
  • 馆藏检索
  • 电子资源
  • 读者导购
  • 参考咨询
  • 我的图书馆
  • 登录
  • 详细信息显示
  • 放入我的书架
  • 预约/预借图书
  • 作者相关作品
  • 分类相关作品
  • 丛书相关作品
  • 出版社相关作品

书目信息

  • 表格格式
  • 工作单格式
  • 卡片格式
题名:
礼仪常识大讲堂
    
 
作者: 张艳 编著
分册:  
出版信息: 北京   中国华侨出版社  2018
页数: 20,355页
开本: 24cm
丛书名: 中侨大讲堂
单 册:
中图分类: K891.26-49
科图分类:
主题词: 礼仪--通俗读物
电子资源:
ISBN: 978-7-5113-6527-9
000 00881oam2 2200265 450
001 012001004669
005 20140928162350.0
010    @a978-7-5113-6527-9@dCNY48.00
100    @a20180612d2018 em y0chiy50 ea
101 0  @achi
102    @aCN@b110000
105    @ay z 000yy
106    @ar
200 1  @a礼仪常识大讲堂@9li yi chang shi da jiang tang@e双色图文版@f张艳编著
210    @a北京@c中国华侨出版社@d2018
215    @a20,355页@d24cm
225 1  @a中侨大讲堂@i生活卷@f刘凤珍主编
330    @a本书帮助读者提高礼仪修养,掌握工作和生活中必知的礼仪常识,其内容涉及仪容礼仪、寒暄礼仪、称呼礼仪、名片礼仪、交谈礼仪、商务公务礼仪等方面。
461  0 @12001 @a中侨大讲堂
462  0 @12001 @a生活卷
606 0  @a礼仪@j通俗读物
690    @aK891.26-49@v5
701  0 @a张艳@9zhang yan@4编著
801  0 @aCN@b上海新华@c20180901
905    @b1171217-21@dK891.26-49@e302@f5
    
    礼仪常识大讲堂:双色图文版/张艳编著.-北京:中国华侨出版社,2018
    20,355页;24cm.-(中侨大讲堂.生活卷/刘凤珍主编)
    
    
    ISBN 978-7-5113-6527-9:CNY48.00
    本书帮助读者提高礼仪修养,掌握工作和生活中必知的礼仪常识,其内容涉及仪容礼仪、寒暄礼仪、称呼礼仪、名片礼仪、交谈礼仪、商务公务礼仪等方面。
●
相关链接 在E读中查询图书 在五车中查询图书 在当当中查询图书 在豆瓣中查询图书


正题名:礼仪常识大讲堂     索取号:K891.26-49/302         预约/预借

序号 登录号 条形码 馆藏地/架位号 状态 备注
1 1171217   211712173   第二样本阅览室/ [索取号:K891.26-49/302] 在馆    
2 1171218   211712182   第二借阅区/ [索取号:K891.26-49/302] 在馆    
3 1171219   211712191   第二借阅区/ [索取号:K891.26-49/302] 在馆    
4 1171220   211712208   第二借阅区/ [索取号:K891.26-49/302] 在馆    
5 1171221   211712217   第二借阅区/ [索取号:K891.26-49/302] 在馆    
唐山师范学院图书馆 欢迎您!
大连网信软件有限公司© 版权所有